| 000 | 00791nam a22002417a 4500 | ||
|---|---|---|---|
| 005 | 20220902202238.0 | ||
| 008 | 220902b |||||||| |||| 00| 0 eng d | ||
| 020 | _a84-7907-383-7 | ||
| 040 | _cBiblioteca Lado V | ||
| 050 |
_a703 AM524a _b004827 |
||
| 082 |
_a703 _bAM524a |
||
| 100 | _aAmor, Monica | ||
| 245 | _aArchivo Pons Artxiboa/ | ||
| 260 |
_aPais Vasco _bGráficas Txuri-Urdin, S.A. _c2003 |
||
| 300 |
_a279p. _c18x25cm |
||
| 650 |
_2Tesauro de Arte & Arquitectura _aCATALOGO |
||
| 650 |
_2Tesauro de Arte & Arquitectura _aPAIS VASCO |
||
| 650 |
_2Tesauro de Arte & Arquitectura _aARTE |
||
| 700 |
_aBasualdo, Carlos _ecoautor |
||
| 700 |
_aMerewether, Charles _ecoautor |
||
| 700 |
_aKatzenstein, Inés _ecoautora |
||
| 942 |
_2ddc _c1 _h703 AM524a _n0 |
||
| 999 |
_c1931 _d1931 |
||